000 00521nam a2200157Ia 4500
008 200302s9999 xx 000 0 und d
020 _a9780702072260
100 _a Palastanga, Nigel
245 _cRoger Soames, Nigel Palastanga, & Paul Richardson.--
_aAnatomy and human movement :
_bStructure and function /
250 _a7th
260 _aEdinburgh:
_bElsevier
_c2019
300 _ax, 667 pages:
_bcolored illustrations;
_c24 cm
500 _aIncludes index.
650 _aHuman anatomy..
650 _aHuman mechanics.
999 _c363057
_d363057